| 000 | 01188cam a22001934a 4500 | ||
|---|---|---|---|
| 005 | 20250605164329.0 | ||
| 008 | 250528s ||||||||||||||||||||||||d | ||
| 035 | _a23179 | ||
| 020 | _a9780750665728 | ||
| 040 |
_aGR-AtMCL _bgre _dGR-AtMCL _eAACR2 |
||
| 245 | 1 | _aHuman Resource Management for the Hospitality and Tourism Industries | |
| 260 |
_bElsevier - Butterworth Heinemann, _c2007 |
||
| 300 | _a306 | ||
| 520 | _aThis book takes an integrated look at human resource management (HRM) policies and practices in the tourism and hospitality industries. Preface, Human Resource Management and the Tourism and Hospitality Industry: An Introduction, International Human Resource Management, Organizational Culture, Labour Markets, Recruitment and Selection, Equal Opportunities and Managing Diversity, Training and Development, Performance Management and Performance Appraisal, Reward Strategies in the Tourism and Hospitality Industry, Employee Relations and Involvement and Participation, Welfare and Health and Safety, Grievance and Disciplinary Procedures, Conclusing Comments, Index. | ||
| 700 | 1 |
_aNickson Dennis _98759 |
|
| 942 | _cBK | ||
| 999 |
_c8209 _d8209 |
||